|
|
|
|
| LEADER |
00999nam a2200217 a 4500 |
| 001 |
00021503 |
| 008 |
101205s2006 ii b 001 0 eng |
| 040 |
|
|
|a BD-DhAAL
|c BD-DhAAL
|
| 082 |
0 |
0 |
|a 347.54/06
|2 22
|
| 100 |
1 |
|
|a Sarathi, Vepa P.,
|d 1916-
|
| 245 |
1 |
0 |
|a Law of evidence /
|c Vepa P. Sarathi.
|
| 250 |
|
|
|a 6th ed.
|
| 260 |
|
|
|a Lucknow :
|b Eastern Book Co.,
|c 2006.
|
| 300 |
|
|
|a LXXXIII, 396 p. ;
|c 25 cm.
|
| 504 |
|
|
|a Includes bibliographical references and index.
|
| 541 |
1 |
|
|e 00021503
|
| 650 |
|
0 |
|a Evidence (Law)
|z India
|
| 852 |
4 |
|
|a Ayesha Abed Library
|j General Shelf.
|
| 999 |
|
|
|c 10158
|d 10158
|
| 952 |
|
|
|0 0
|1 0
|2 ddc
|4 0
|6 347_540600000000000_SAR
|7 0
|9 13459
|a BRACUL
|b BRACUL
|c GEN
|d 2010-12-06
|e Karim International
|g 413.00
|l 27
|m 192
|o 347.5406 SAR
|p 3010021503
|r 2026-03-29
|s 2025-11-18
|t 1
|w 2010-12-06
|y BK
|
| 952 |
|
|
|0 0
|1 0
|2 ddc
|4 0
|6 347_540600000000000_SAR
|7 0
|9 13460
|a BRACUL
|b BRACUL
|c GEN
|d 2010-12-06
|e Karim International
|g 413.00
|l 19
|m 192
|o 347.5406 SAR
|p 3010021504
|r 2025-12-24
|s 2025-09-21
|t 2
|w 2010-12-06
|y BK
|